Ngoài trời lại có trời Tiểu luận - phê bình
Các bài viết phê bình văn học, nghiên cứu về các tác giả và tác phẩm văn học Nga cổ điển, các tác giả Phương Tây, tác giả Liên Xô (cũ) và Trung Quốc, các bài viết đi sâu vào thể loại thơ, truyện danh nhân, tiểu thuyết trinh thám
Guardado en:
| Autor principal: | |
|---|---|
| Formato: | Libro |
| Lenguaje: | Vietnamese |
| Publicado: |
H.
Nxb. Phụ nữ
2006
|
| Materias: | |
| Etiquetas: |
Agregar Etiqueta
Sin Etiquetas, Sea el primero en etiquetar este registro!
|
| Thư viện lưu trữ: | Mạng thư viện Đại học Đà Nẵng |
|---|
| LEADER | 01300nam a2200325 4500 | ||
|---|---|---|---|
| 001 | 000004230 | ||
| 003 | 361 | ||
| 005 | 20121211001206.0 | ||
| 008 | 110718s2006 viesd | ||
| 020 | |c 45000đ | ||
| 041 | 0 | |a vie | |
| 082 | |a 895.9224 |b VU-N | ||
| 100 | 0 | |a Vương Trí Nhàn | |
| 245 | 0 | |a Ngoài trời lại có trời |b Tiểu luận - phê bình |c Vương Trí Nhàn | |
| 260 | |a H. |b Nxb. Phụ nữ |c 2006 | ||
| 300 | |a 419tr |c 20cm | ||
| 520 | |a Các bài viết phê bình văn học, nghiên cứu về các tác giả và tác phẩm văn học Nga cổ điển, các tác giả Phương Tây, tác giả Liên Xô (cũ) và Trung Quốc, các bài viết đi sâu vào thể loại thơ, truyện danh nhân, tiểu thuyết trinh thám | ||
| 653 | |a Tiểu luận | ||
| 653 | |a Phê bình | ||
| 910 | |d 18/07/2011 | ||
| OWN | |a LSP | ||
| AVA | |a UDN50 |b LSP |d 895.9224 VU-N |e available |t Error 5001 Not defined in file expand_doc_bib_avail. |f 4 |g 0 |h N |i 0 |k 1 | ||
| 999 | |a From the UDN01 | ||
| AVA | |a UDN50 |b LSP |d 895.9224 VU-N |e available |t Error 5001 Not defined in file expand_doc_bib_avail. |f 4 |g 0 |h N |i 0 |k 1 | ||
| TYP | |a Monograph | ||
| TYP | |a Printed language | ||
| 980 | |a Mạng thư viện Đại học Đà Nẵng | ||